000 00900nam a2200217Ia 4500
001 9113
003 GE_BSU
008 181216s||||||||xx |||||||||||||| ||und||
040 _cGE_BSU
080 _a821.353.1–1+821.353.1-144+821.353.1-11
100 _aლებანიძე,მურმან
245 _aლექსები,ბალადები,პოემები
245 _bერთტომეული
245 _cრედ.ბესარიონ ჟღენტი.მხატვ. თენგიზ მირზაშვილი და ოთარ ჯიშკარიანი
260 _aთბილისი
260 _bსაბჭოთა საქართველო
260 _c1972
300 _a542გვ.ილ.1ფ.პორტრ.22სმ.
653 _aლექსები,ბალადები,პოემები
942 _cBK
999 _c42417
_d42417